Nación y cultura en América latina: diversidad cultural y globalización
Na minha lista:
| Autor principal: | |
|---|---|
| Formato: | Livro |
| Idioma: | espanhol |
| Publicado em: |
Santiago
LOM
2002
|
| Colecção: | Colección Escafandra
|
| Assuntos: | |
| Tags: |
Adicionar Tag
Sem tags, seja o primeiro a adicionar uma tag!
|
MARC
| LEADER | 00000nam a2200000 a 4500 | ||
|---|---|---|---|
| 001 | UCL4536 | ||
| 003 | CL-VaPUC | ||
| 008 | 040116e20020000CL |||||||||||||||||spa|d | ||
| 020 | |a 9562824969 | ||
| 082 | 0 | 4 | |a 306.4 |b SUB |2 21 |
| 100 | 0 | |a Subercaseaux S., Bernardo |e author |9 482093 | |
| 245 | 1 | 0 | |a Nación y cultura en América latina: diversidad cultural y globalización |
| 300 | |a 76 p | ||
| 942 | |c BK | ||
| 945 | |d 20040116 00:00:00 |a cmena | ||
| 260 | |a Santiago |b LOM |c 2002 | ||
| 650 | 0 | |a Diversidad cultural |9 473079 | |
| 650 | 0 | |a Globalización |9 361930 | |
| 650 | 0 | |a Cambio social |9 256857 | |
| 650 | 0 | |a Política cultural |9 316492 | |
| 583 | |a last modification |c 20040116 00:00:00 |k Rodrigo Vera | ||
| 490 | 0 | |a Colección Escafandra | |
| 999 | |c 307358 |d 307356 | ||
| 952 | |0 0 |1 0 |4 0 |6 306_400000000000000_SUB_2002 |7 0 |8 A |9 373271 |a BIBGIM |b BIBGIM |d 2019-11-21 |i 408344K |l 2 |m 1 |o 306.4 SUB 2002 |p 408344K |r 2025-01-15 |s 2024-10-24 |w 2019-11-21 |y BK |k SSL | ||
| 952 | |0 0 |1 0 |4 0 |6 306_400000000000000_SUB_2002 |7 0 |8 A |9 373272 |a BIBHIS |b BIBHIS |d 2019-11-21 |i 4206274 |l 7 |o 306.4 SUB 2002 |p 4206274 |r 2025-01-20 |s 2023-11-08 |w 2019-11-21 |y BK |k HIS | ||
| 952 | |0 0 |1 0 |4 0 |6 306_400000000000000_SUB_2002 |7 0 |8 A |9 373273 |a FDOPOS |b FDOPOS |d 2019-11-21 |i 4753305 |o 306.4 SUB 2002 |p 4753305 |r 2025-01-22 |w 2019-11-21 |y BK |k DLH | ||